000 00449nam a2200181Ia 4500
001 5107
005 20260306145844.0
008 260306t2004||||xx |||||||||||||| ||spa||
041 _aESP
082 _a333.1
_bM86
100 _aMorris Guerinoni, Felipe
_eAUT
245 0 _ala formalización de la propiedad en el Perú:
_bdesvelando el misterio
260 _c2004
300 _a
_c
650 _aGEN
654 _aCAN
942 _cLIB
_dJUS
_fJUS
_2ddc
_n
999 _c5107
_d5107